000 00663 a2200229 4500
005 20260209161550.0
008 260209b |||||||| |||| 00| 0 eng d
020 _a9780199467129
_cRs. 995.00
040 _aMAIN
082 _a070.903
_bB641N
100 _aBonea, Amelia
110 _a
245 _aNews of empire: Telegraphy, journalism and the politics of reporting in colonial India, c. 1830-1900
250 _a
260 _bOxford University Press
_c2016
_aNew Delhi
300 _axvi, 376
650 _aNews Media-Journalism
650 _aHistorical Treatment
650 _aPress and Imperialism
650 _aColonial Media
942 _cBK
999 _c394605
_d394605